000
00268pab a2200109 454500
008
180718b xxu||||| |||| 00| 0 eng d
100
_a
Gajra, P.K.
245
_a
Banking & Financial System
650
_a
Financial Institution
773
_a
Financial Express
909
_a
23428
999
_c
23428
_d
23428